00588nam a2200205Ia 450000500170000000800410001702000180005804000190007604100120009508200130010710000170012024500450013726000390018230000170022165000110023885000100024994200070025999900170026695200990028320240703114125.0131103s9999 xx 000 0 und d a0 340 08388 3 aLoreto College aEnglish a796bLEN aLenel, R. M. aGames in the primary schoolcR. M. Lenel aLondonbUniversity of Londonc1969 a160p.b ill. aSports aLCBED cBK c29948d80427 00102ddc4070aMAINbMAINd2013-11-04l0o796 LEN 1505pB32796r2013-11-04w2013-11-04yBKf